|
|
|
|
| LEADER |
02160nam a22005052i 4500 |
| 001 |
001784964 |
| 003 |
CZ BrMZK |
| 005 |
20210726103344.0 |
| 007 |
ta |
| 008 |
210217s1929 xr a er|||||||||||cze d |
| 015 |
|
|
|a cnb000542927
|
| 020 |
|
|
|q (Brožováno)
|
| 035 |
|
|
|a (OCoLC)85292492
|
| 040 |
|
|
|a ABA001
|b cze
|c BOA001
|d ABA001
|e rda
|
| 041 |
0 |
|
|a cze
|a fre
|
| 043 |
|
|
|a e-xr---
|
| 045 |
|
|
|a w-x-
|
| 072 |
|
7 |
|a 655
|x Polygrafie. Vydavatelství a knižní obchod
|2 Konspekt
|9 12
|
| 080 |
9 |
|
|a 72/76.071.1
|2 MRF
|
| 080 |
|
|
|a 001.894-051
|2 MRF
|
| 080 |
|
|
|a (437.3)
|2 MRF
|
| 080 |
|
|
|a 655.35
|2 MRF
|
| 080 |
|
|
|a (082)
|2 MRF
|
| 080 |
|
|
|a (083.824)
|2 MRF
|
| 245 |
0 |
0 |
|a Mezinárodní výstava tisku z hloubky :
|b pořádaná na počest vynálezce Karla Klíče : Uměleckoprůmyslové museum Obchodní a živnostenské komory v Praze, listopad - prosinec 1929
|
| 264 |
|
1 |
|a V Praze :
|b Umělecko-průmyslové museum obchodní a živnostenské komory,
|c 1929
|
| 300 |
|
|
|a 76 stran, 5 nečíslovaných listů obrazových příloh :
|b ilustrace, portréty ;
|c 22 cm
|
| 336 |
|
|
|a text
|b txt
|2 rdacontent
|
| 337 |
|
|
|a bez média
|b n
|2 rdamedia
|
| 338 |
|
|
|a svazek
|b nc
|2 rdacarrier
|
| 500 |
|
|
|a Chronologický přehled
|
| 546 |
|
|
|a Částečně francouzský text
|
| 600 |
1 |
7 |
|a Klíč, Karel Václav,
|d 1841-1926
|7 jk01060452
|2 czenas
|
| 648 |
|
7 |
|a 19.-20. století
|7 ch757015
|2 czenas
|
| 650 |
0 |
7 |
|a výtvarní umělci
|7 ph116709
|z Česko
|y 19.-20. století
|2 czenas
|
| 650 |
0 |
7 |
|a objevitelé a vynálezci
|7 ph137320
|z Česko
|y 19.-20. století
|2 czenas
|
| 650 |
0 |
7 |
|a hlubotisk
|7 ph135609
|2 czenas
|
| 655 |
|
7 |
|a sborníky
|7 fd163935
|2 czenas
|
| 655 |
|
7 |
|a katalogy výstav
|7 fd132536
|2 czenas
|
| 710 |
2 |
|
|a Uměleckoprůmyslové museum (Praha, Česko)
|7 kn20010709113
|4 isb
|4 orm
|
| 856 |
4 |
1 |
|u http://www.digitalniknihovna.cz/mzk/uuid/uuid:96db37c0-9007-11e8-9690-005056827e51
|y Digitalizovaný dokument
|x NDK
|
| 910 |
|
|
|a BOA001
|b 2-0110.221
|
| 990 |
|
|
|a BK
|
| 996 |
6 |
|
|b 2618705922
|c 2-0110.221
|l MZK
|r Sklad / do 24 hodin
|n 0
|w 001844939
|u 000020
|a 1
|e BOA001
|j MZK50
|s P
|
| 996 |
7 |
|
|b 2618962758
|c 2-0110.221
|l MZK
|r Sklad / do 24 hodin
|n 1
|w 001844939
|u 000010
|a 1
|e BOA001
|j MZK50
|s A
|